Southville International School and Colleges
Your cart is empty.
  • Cart
  • Lists
    Public lists Eva Luna New books Lux_list list_1
    Your lists Log in to create your own lists
  • Log in to your account
  • Your cookies
  • Search history
Southville International School and Colleges
  • Advanced search
  • Recent comments
  • Most popular
  • Libraries

Log in to your account

Log in with GOOGLE


If you do not have an external account, but do have a local account, you can still log in:

  1. Home
  2. MARC view: Craft for kids (Bead book) /
Normal view MARC view ISBD view

Craft for kids (Bead book) / (Record no. 48707)

[ view plain ]
MARC details
000 -LEADER
fixed length control field 00644nam a2200229Ia 4500
003 - CONTROL NUMBER IDENTIFIER
control field OSt
005 - DATE AND TIME OF LATEST TRANSACTION
control field 20140324141927.0
008 - FIXED-LENGTH DATA ELEMENTS--GENERAL INFORMATION
fixed length control field 140130s9999 xx 000 0 und d
020 ## - INTERNATIONAL STANDARD BOOK NUMBER
International Standard Book Number 0717257606
020 ## - INTERNATIONAL STANDARD BOOK NUMBER
International Standard Book Number 0717257681
050 ## - LIBRARY OF CONGRESS CALL NUMBER
Classification number REF 745.5
Item number Sp742 2003
100 ## - MAIN ENTRY--PERSONAL NAME
Personal name Speechley, Greta
245 ## - TITLE STATEMENT
Title Craft for kids (Bead book) /
Statement of responsibility, etc Greta Speechley
260 ## - PUBLICATION, DISTRIBUTION, ETC. (IMPRINT)
Name of publisher, distributor, etc Scholastic,
Place of publication, distribution, etc Danbury :
Date of publication, distribution, etc 2003.
300 ## - PHYSICAL DESCRIPTION
Extent 1 v. (unpaged) :
Other physical details col. ill. ;
Dimensions 27 cm.
440 ## - SERIES STATEMENT/ADDED ENTRY--TITLE
Volume number/sequential designation 1
650 ## - SUBJECT ADDED ENTRY--TOPICAL TERM
Topical term or geographic name as entry element Handicraft
Form subdivision Juvenile literature.
650 ## - SUBJECT ADDED ENTRY--TOPICAL TERM
Topical term or geographic name as entry element Games
Form subdivision Juvenile literature.
650 ## - SUBJECT ADDED ENTRY--TOPICAL TERM
Topical term or geographic name as entry element Cooking
Form subdivision Juvenile literature.
942 ## - ADDED ENTRY ELEMENTS (KOHA)
Koha item type Books
Source of classification or shelving scheme Library of Congress Classification

No items available.

Craft for kids (Bead book) /

APA

Speechley G., . (2003). Craft for kids (Bead book). Danbury: Scholastic.

Chicago

Speechley Greta, . 2003. Craft for kids (Bead book). Danbury: Scholastic.

Harvard

Speechley G., . (2003). Craft for kids (Bead book). Danbury: Scholastic.

MLA

Speechley Greta, . Craft for kids (Bead book). Danbury: Scholastic. 2003.

  • Print
  • Cite
  • Add to your cart (remove)
  • Save record
    BIBTEX Dublin Core MARCXML MARC (non-Unicode/MARC-8) MARC (Unicode/UTF-8) MARC (Unicode/UTF-8, Standard) MODS (XML) RIS
  • More searches
    Search for this title in:
    Other Libraries (WorldCat) Other Databases (Google Scholar) Online Stores (Bookfinder.com) Open Library (openlibrary.org)

Exporting to Dublin Core...

SOUTHVILLE LIBRARY

Southville International School and Colleges Library

1281 Tropical Ave. Cor. Luxembourg St., BF Homes International, Las Pinas City

Tel. No. 8256374 / 252358 Loc. 117/146

Powered by Koha